00457nam a2200121Ia 4500008004100000024006400041082001800105100008500123245004300208260002500251600002100276650003800297250506s9999 xx 000 0 und d a99B-BCS3-016, 99B-BCS3-041, 99B-BCS3-045 & 99B-BCS3-037 a005.15072 MUH aMuhammad Nasir , Muhammad Tariq Saleem , Muhammad Tariq Siddiqui & Furrukh Munir 0aVirtual University of Online Education aKarachi:bUIT,c1999 aComputer Science aBachelor of Computer Science (BS)